Bhaaratiya Vaastukalaa:Vyaakhyaa,Siddhanta,Saundarya Prakshepan (Record no. 349731)

MARC details
000 -LEADER
fixed length control field 004330000a22001570004500
005 - DATE AND TIME OF LATEST TRANSACTION
control field 20120302055922.0
040 ## - CATALOGING SOURCE
Original cataloging agency HIN
100 ## - MAIN ENTRY--PERSONAL NAME
Personal name Gupt,Parameshwarilal
245 ## - TITLE STATEMENT
Title Bhaaratiya Vaastukalaa:Vyaakhyaa,Siddhanta,Saundarya Prakshepan
260 ## - PUBLICATION, DISTRIBUTION, ETC. (IMPRINT)
Place of publication, distribution, etc Varanasi:Vishwa Vidyaalaya Prakaashan,1999.
300 ## - PHYSICAL DESCRIPTION
Extent 219p.
650 ## - SUBJECT ADDED ENTRY--TOPICAL TERM
Topical term or geographic name as entry element Vaastushaastra
650 ## - SUBJECT ADDED ENTRY--TOPICAL TERM
Topical term or geographic name as entry element Kalaa-Vaastukalaa
650 ## - SUBJECT ADDED ENTRY--TOPICAL TERM
Topical term or geographic name as entry element Bhaaratiya Vaasatukalaa
942 ## - ADDED ENTRY ELEMENTS (KOHA)
Koha item type Book
Holdings
Withdrawn status Lost status Damaged status Not for loan Home library Current library Date acquired Total Checkouts Barcode Date last seen Price effective from
        Institute For Oriental Study, Thane Institute For Oriental Study, Thane 12/02/2009   IOS-14419 12/02/2009 12/02/2009